| 000 | 00356pab a2200145 454500 | ||
|---|---|---|---|
| 008 | 180718b1989 xxu||||| |||| 00| 0 eng d | ||
| 100 | _aNarendra Kumar | ||
| 245 | _aNon - profit marketing - Its relevance in India | ||
| 260 | _c1989 | ||
| 300 | _a9-12 | ||
| 650 | _aMarketing - India | ||
| 700 | _aSuman | ||
| 773 | _aManagement Review | ||
| 909 | _a13517 | ||
| 999 |
_c13517 _d13517 |
||